| 000 | 01412nam0a2200337 4500 | ||
|---|---|---|---|
| 001 | RU\NLR\bibl\808194 | ||
| 005 | 20250614131931.0 | ||
| 010 |
_a5-7024-1902-2 _940000 |
||
| 021 |
_aRU _b2005-6820 _9348 |
||
| 035 | _aRSL-KNO-002570497 | ||
| 035 | _a(NLR Aleph) 000797286 | ||
| 090 |
_a1159031 _c1159031 |
||
| 100 | _a20050216d2005 |||y0rusy50 ca | ||
| 101 | 1 |
_arus _ceng |
|
| 102 | _aRU | ||
| 105 | _ay ||||||||| | ||
| 106 | _ar | ||
| 200 | 1 |
_aПросто скажи люблю _eроман _fАманда Престон _g[пер. с англ. Н.П. Мойкина] |
|
| 210 |
_aМ. _cПанорама _d2005 |
||
| 215 |
_a189,[1] с. _d17 |
||
| 225 | 1 |
_aПанорама романов о любви _eпериод. лит.-худож. альм. _v05-038 |
|
| 610 | 0 | _aФилологические науки. Художественная литература -- США -- Американская литература -- Произведения художественной литературы -- Художественная проза -- Романы. Повести. Рассказы | |
| 686 |
_aШ5(7США)62-644 _2rubbk |
||
| 686 | _aШ6(7США)67-440.4{Лх1979-50} | ||
| 700 | 1 |
_aПрестон _bА. _gАманда _4070 |
|
| 801 | 0 |
_aRU _bRuMoRKP _c20050216 _grcr |
|
| 801 | 1 |
_aRU _bRuMoRGB _c20050216 |
|
| 801 | 2 |
_aRU _bNLR _c20050608 _gPSBO |
|
| 942 | _cBOOK | ||
| 980 | _aNB | ||